000 02387nam a22003497a 4500
005 20120111110926.0
010 _aB-476493-496
020 _a9781426203367 (hardcover)
_cUS $ 35.00
020 _a1426203365 (hardcover)
035 _aB-476493-496
037 _adpl
_bBlue Berry/Ven
082 0 0 _a203.5
_222
245 0 0 _aSacred places of a lifetime :
_b500 of the world's most peaceful and powerful destinations /
_cintroduction by Keith Bellows.
246 3 0 _a500 of the world's most peaceful and powerful destinations
246 3 _aFive hundred of the world's most peaceful and powerful destinations
260 _aWashington, D.C. :
_bNational Geographic Society,
_cc2008.
300 _a399 p. :
_bcol. ill., col. maps ;
_c31 cm.
500 _aIncludes indexes.
505 0 _aSacred landscapes -- Magaliths & mysteries -- Cradles of faith -- Majestic ruins -- Daily devotion -- Shrines -- The pilgrim's way -- Ceremonies & festivals -- In remembrance -- Retreats.
520 _aA listing of five hundred sites new and old, famous and unknown, that have been used to connect humanity with its gods.
650 0 _aSacred space.
_952446
700 1 _aBellows, Keith.
_938863
856 4 1 _3Table of contents only
_uhttp://www.loc.gov/catdir/toc/ecip0818/2008021396.html
906 _a7
_bcbc
_corignew
_d1
_eecip
_f20
_gy-gencatlg
942 _2ddc
_cCH
_h203.5
_mSAC
999 _c60686
_d60686